Statistics for September 26th: Birthdays

Click here to take the quiz!

General Stats

  • This quiz has been taken 5 times
  • The average score is 5 of 14

Answer Stats

YearClueAnswer% Correct
1948Artist of Lets Get PhysicalOlivia Newton-John
100%
1898Composed Rhapsody in BlueGeorge Gershwin
75%
1956Actress in the Terminator filmsLinda Hamilton
50%
1932Indian Prime Minister Manmohan Singh
50%
1981Won 23 Grand Slam titlesSerena Williams
50%
1936Anti-Apartheid ActivistWinnie Mandela
50%
1181Founder of the Franciscan OrderFrancis of Assisi
25%
1889Wrote Being & TimeMartin Heidegger
25%
1897262nd Roman Catholic popePaul VI
25%
1902GangsterAlbert Anastasia
0%
1874Last White Rajah of SarawakCharles Vyner Brooke
0%
1849Won Nobel Prize 1904Ivan Pavlov
0%
1965Director of Afternoon DelightJill Soloway
0%
1888Won Nobel Prize 1948T. S. Eliot
0%

Score Distribution

Percentile by Number Answered

Percent of People with Each Score

Your Score History

You have not taken this quiz